La difícil democracia de América Latina: desafíos y respuestas
Gespeichert in:
| 1. Verfasser: | |
|---|---|
| Format: | Text |
| Veröffentlicht: |
San José:
Fundación Konrad Adenauer
|
| Tags: |
Tag hinzufügen
Keine Tags, Fügen Sie den ersten Tag hinzu!
|
MARC
| LEADER | 00000 a a2200000 04500 | ||
|---|---|---|---|
| 001 | 23382 | ||
| 003 | |||
| 040 | |||
| 020 | |a 9968-9757-0-2 | ||
| 090 | |a 162000 | ||
| 100 | |a Borea Odría, Alberto | ||
| 245 | |a La difícil democracia de América Latina: desafíos y respuestas | ||
| 260 | |a San José: |b Fundación Konrad Adenauer | ||
| 300 | |a 494 p |b **no definido** | ||
| 999 | |c 15677 |d 15677 | ||



